Lo que entiendo por soberanía

Los fragmentos recogidos en este volumen forman parte de un ensayo inédito. La soberanía, expone una pretensión esencial: hacer compatibles las propuestas de Nietzsche y Marx.

Salvato in:
Dettagli Bibliografici
Autore principale: Bataille, Georges
Natura: Libro
Lingua:Spanish
Pubblicazione: Barcelona: Ediciones Paidós, 1996
Serie:Pensamiento contemporáneo; No. 41
Soggetti:
Accesso online:Enlace del recurso
Tags: Aggiungi Tag
Nessun Tag, puoi essere il primo ad aggiungerne! !

MARC

LEADER 00000nam a2200000 a 4500
001 001336
008 030808s1996 sp # fr# #000|0#spa#d
020 |a 84-493-0223-4 
041 0 |a spa 
043 |a e-sp--- 
082 0 4 |a 194  |b B171e 
100 1 |a Bataille, Georges 
245 1 0 |a Lo que entiendo por soberanía   |c Georges Bataille 
260 |a Barcelona:  |b Ediciones Paidós,  |c 1996 
300 |a 131 p. 
440 0 |a Pensamiento contemporáneo;  |v No. 41 
504 |a Incluye bibliografía. 
520 3 |a Los fragmentos recogidos en este volumen forman parte de un ensayo inédito. La soberanía, expone una pretensión esencial: hacer compatibles las propuestas de Nietzsche y Marx. 
534 |p Título original:  |t Ce que j entends par souveraineté 
650 1 4 |a FILOSOFÍA  |z FRANCIA 
650 1 4 |a ANTROPOLOGÍA FILOSÓFICA 
999 |c 3488  |d 3488 
856 |u https://catalogo.idep.edu.co/cgi-bin/koha/opac-detail.pl?biblionumber=3488  |z Enlace del recurso